<?xml version="1.0" encoding="UTF-8"?>
<record
    xmlns:xsi="http://www.w3.org/2001/XMLSchema-instance"
    xsi:schemaLocation="http://www.loc.gov/MARC21/slim http://www.loc.gov/standards/marcxml/schema/MARC21slim.xsd"
    xmlns="http://www.loc.gov/MARC21/slim">

  <leader>01097nam a22001817a 4500</leader>
  <controlfield tag="005">20230802144644.0</controlfield>
  <controlfield tag="008">230802b           ||||| |||| 00| 0 eng d</controlfield>
  <datafield tag="020" ind1=" " ind2=" ">
    <subfield code="a">9781600420641</subfield>
  </datafield>
  <datafield tag="050" ind1=" " ind2=" ">
    <subfield code="a">KF250.S63(4e)</subfield>
  </datafield>
  <datafield tag="100" ind1=" " ind2=" ">
    <subfield code="9">Smith, Robert Barr.</subfield>
  </datafield>
  <datafield tag="245" ind1=" " ind2=" ">
    <subfield code="a">The literate lawyer: legal writing and oral advocacy /</subfield>
    <subfield code="c">Robert Barr Smith.</subfield>
  </datafield>
  <datafield tag="250" ind1=" " ind2=" ">
    <subfield code="a">4th ed.</subfield>
  </datafield>
  <datafield tag="260" ind1=" " ind2=" ">
    <subfield code="a">Lake Mary :</subfield>
    <subfield code="b">Vandeplas Publishing,</subfield>
    <subfield code="c">2009.</subfield>
  </datafield>
  <datafield tag="300" ind1=" " ind2=" ">
    <subfield code="a">viii, 193 p. :</subfield>
    <subfield code="c">24 cm.</subfield>
  </datafield>
  <datafield tag="500" ind1=" " ind2=" ">
    <subfield code="a">Includes appendix and indexes.</subfield>
  </datafield>
  <datafield tag="505" ind1=" " ind2=" ">
    <subfield code="a">Contents: Introduction -- Part I:The rules of editing: Part II: Rules to write by: Brevity -- Simplicity -- Clarity -- Grammatical stupidities -- Polish and patina -- Quotations -- Gender in writing -- Proof-reading -- Summary -- The thirteen virtues -- Part III: The right (or wrong) word -- Part IV: The basics: Spelling -- Punctuation -- Capitalization -- Part V: Memoranda -- Part VI: Briefs: The appellate process -- Writing the brief -- Trial briefs -- Part VII: Oral advocacy -- Part VIII: Letters: Sample letter to an attorney -- Sample letter to a client. </subfield>
  </datafield>
  <datafield tag="942" ind1=" " ind2=" ">
    <subfield code="2">lcc</subfield>
    <subfield code="c">BK</subfield>
  </datafield>
  <datafield tag="999" ind1=" " ind2=" ">
    <subfield code="c">9971</subfield>
    <subfield code="d">17471</subfield>
  </datafield>
  <datafield tag="952" ind1=" " ind2=" ">
    <subfield code="0">0</subfield>
    <subfield code="1">0</subfield>
    <subfield code="2">lcc</subfield>
    <subfield code="4">0</subfield>
    <subfield code="7">0</subfield>
    <subfield code="a">WIUC-1</subfield>
    <subfield code="b">WIUC-1</subfield>
    <subfield code="c">LL</subfield>
    <subfield code="d">2023-08-02</subfield>
    <subfield code="l">0</subfield>
    <subfield code="o">KF250.S63(4e)</subfield>
    <subfield code="p">3137/297/23</subfield>
    <subfield code="r">2023-08-02 00:00:00</subfield>
    <subfield code="t">1</subfield>
    <subfield code="w">2023-08-02</subfield>
    <subfield code="y">BK</subfield>
  </datafield>
</record>
